[Event "Württ. Kandidadenturnier"]
[Site "Plochingen"]
[Date "2017.08.30"]
[Round "6.3"]
[White "Wolf, Walter"]
[Black "Scholl, Martin"]
[Result "0-1"]
[WhiteElo "2110"]
[BlackElo "2030"]
[PlyCount "98"]
[EventDate "2017.??.??"]
[WhiteTeam "Stuttgarter SF"]
[BlackTeam "TSV/RSK Esslingen"]

1. e4 b6 2. d4 Bb7 3. Bd3 Nf6 4. f3 e6 5. Be3 d5 6. e5 Nfd7 7. f4 c5 8. c3 Nc6
9. Nf3 g6 10. O-O Be7 11. Nbd2 a6 12. b3 O-O 13. Rc1 cxd4 14. cxd4 Ba3 15. Ra1
Nb4 16. Be2 Rc8 17. Ne1 Qc7 18. Ndf3 Nb8 19. Qd2 Qc3 20. Qxc3 Rxc3 21. Bd2 Rc7
22. Nd3 Nxd3 23. Bxd3 Rfc8 24. Rab1 a5 25. b4 Ba6 26. Bxa6 Nxa6 27. bxa5 bxa5
28. Bxa5 Rc2 29. Rb6 Nc5 30. Rfb1 Ne4 31. Rb8 Rxb8 32. Rxb8+ Kg7 33. h4 Bc1 34.
Bb4 Be3+ 35. Kh1 Rc1+ 36. Ne1 h6 37. g3 Bd2 38. Bxd2 Nxd2 39. Kg2 Rxe1 40. Rb2
Nc4 41. Rb3 Re2+ 42. Kh3 h5 43. g4 hxg4+ 44. Kxg4 Rxa2 45. h5 gxh5+ 46. Kxh5
Rg2 47. f5 exf5 48. Rf3 Rg4 49. Rxf5 Rxd4 0-1

[Event "Württ. Kandidadenturnier"]
[Site "Plochingen"]
[Date "2017.08.30"]
[Round "6.5"]
[White "Yi, Danny"]
[Black "Müller, Karl-Heinz"]
[Result "0-1"]
[WhiteElo "2070"]
[BlackElo "2009"]
[PlyCount "86"]
[EventDate "2017.??.??"]
[WhiteTeam "SF Kornwestheim"]
[BlackTeam "SV Balingen"]

1. e4 d5 2. exd5 Nf6 3. Nf3 Nxd5 4. d4 Bg4 5. Be2 e6 6. O-O Bd6 7. h3 Bh5 8.
Re1 O-O 9. c4 Nf4 10. Bxf4 Bxf4 11. Nc3 c6 12. Qb3 Qc7 13. d5 exd5 14. cxd5 Nd7
15. dxc6 bxc6 16. Rad1 Rab8 17. Qc2 Nf6 18. Nd4 Bg6 19. Bd3 Rfe8 20. Bxg6 Rxe1+
21. Rxe1 hxg6 22. Nce2 c5 23. Nxf4 Qxf4 24. Nc6 Ra8 25. Qxc5 Qd2 26. Qb4 Qg5
27. Kh2 Kh7 28. Re5 Qh6 29. Ne7 Rd8 30. g3 Rd1 31. Kg2 Rd2 32. g4 Rd3 33. Re3
Rxe3 34. fxe3 Qxe3 35. Nc6 Ne4 36. Qd4 Qg3+ 37. Kf1 Qxh3+ 38. Ke2 Qxg4+ 39. Ke3
f5 40. Nxa7 f4+ 41. Kd3 f3 42. Qe5 Ng3 43. Qe3 Qf5+ 0-1

[Event "Württ. Kandidadenturnier"]
[Site "Plochingen"]
[Date "2017.08.30"]
[Round "6.6"]
[White "Meschke, Andreas"]
[Black "Döring, Stefan"]
[Result "1/2-1/2"]
[WhiteElo "2040"]
[BlackElo "1931"]
[PlyCount "54"]
[EventDate "2017.??.??"]
[WhiteTeam "SC Erdmannhausen"]
[BlackTeam "SC Tamm"]

1. e4 e5 2. Nf3 Nc6 3. Bc4 Bc5 4. c3 Nf6 5. d3 d6 6. a4 a5 7. O-O O-O 8. Bg5 h6
9. Be3 Bxe3 10. fxe3 d5 11. exd5 Nxd5 12. Qe1 Bg4 13. Nbd2 Bxf3 14. Nxf3 Qd6
15. Nd2 Nf6 16. Qg3 Ne7 17. Rf2 Kh8 18. Raf1 Neg8 19. Qh4 Qb6 20. d4 Rae8 21.
Nf3 exd4 22. exd4 Ne4 23. Re2 Nd6 24. Rxe8 Rxe8 25. Bb5 c6 26. Bd3 Qxb2 27. Ne5
Qxc3 1/2-1/2

[Event "Württ. Kandidadenturnier"]
[Site "Plochingen"]
[Date "2017.08.30"]
[Round "6.7"]
[White "Günther, Stefan"]
[Black "Mareck, Sascha"]
[Result "0-1"]
[WhiteElo "1897"]
[BlackElo "2156"]
[PlyCount "120"]
[EventDate "2017.??.??"]
[WhiteTeam "SV Weingarten"]
[BlackTeam "SV Nürtingen"]

1. f4 d5 2. Nf3 Nf6 3. d3 c5 4. e3 g6 5. Be2 Bg7 6. O-O Nc6 7. Nc3 d4 8. Ne4
Nd5 9. Nxc5 dxe3 10. Ng5 e5 11. Nxf7 Kxf7 12. fxe5+ Ke8 13. d4 Qh4 14. c3 Rf8
15. Bf3 Bg4 16. g3 Bxf3 17. Rxf3 Qh5 18. Rxf8+ Bxf8 19. Qxh5 gxh5 20. Ne4 Bh6
21. Kf1 Ke7 22. b3 b5 23. Bb2 Rf8+ 24. Ke2 Rb8 25. Rf1 Rf8 26. Nd6 b4 27. cxb4
Rxf1 28. Kxf1 Ke6 29. a3 Nde7 30. Ke2 Kd5 31. Nf7 Bg7 32. Kxe3 Nf5+ 33. Kd3
Nfxd4 34. Bxd4 Nxd4 35. h3 Nf3 36. e6 Kxe6 37. Nd8+ Kd5 38. b5 Bd4 39. a4 Ne5+
40. Ke2 Kd6 41. a5 Kd7 42. Nb7 Kc7 43. a6 Nf7 44. Na5 Nd6 45. Nc6 Nxb5 46. Nb4
Kd6 47. Kf3 Nc7 48. h4 Bc3 49. Nd3 Bd2 50. Nf2 Ke5 51. g4 hxg4+ 52. Kxg4 Nxa6
53. Kh5 Nc5 54. b4 Ne4 55. Ng4+ Kf5 56. Nh6+ Bxh6 57. Kxh6 Nf6 58. b5 Kg4 59.
h5 Kf5 60. Kg7 Nxh5+ 0-1

[Event "Württ. Kandidadenturnier"]
[Site "Plochingen"]
[Date "2017.08.30"]
[Round "6.8"]
[White "Handel, Oliver"]
[Black "Reck, Moritz"]
[Result "0-1"]
[WhiteElo "1813"]
[BlackElo "2082"]
[PlyCount "120"]
[EventDate "2017.??.??"]
[WhiteTeam "SF Kornwestheim"]
[BlackTeam "TSV Schönaich"]

1. e4 c5 2. Nf3 Nc6 3. Bb5 g6 4. O-O Bg7 5. c3 Qb6 6. Ba4 Nf6 7. Re1 Ng4 8. h3
Nge5 9. d3 O-O 10. Nbd2 Nxd3 11. Nc4 Qa6 12. Qxd3 Qxa4 13. b3 Qa6 14. Be3 b5
15. Ncd2 b4 16. Qxa6 Bxa6 17. Rac1 bxc3 18. Nb1 Nb4 19. Rxc3 Bxc3 20. Nxc3 Nc2
21. Rc1 Nxe3 22. fxe3 e6 23. e5 Rfc8 24. Ne4 Kg7 25. Nd6 Rc6 26. Ng5 Rf8 27.
Nge4 c4 28. b4 Rb8 29. a3 c3 30. Nc5 Rxc5 31. bxc5 Rb3 32. Ne4 Rxa3 33. Nxc3
Bb7 34. Kf2 g5 35. Rc2 Bc6 36. Ne2 Be4 37. Rd2 Bd5 38. Rc2 Ra2 39. Rxa2 Bxa2
40. Nc3 Bd5 41. e4 Bc4 42. Kg3 a5 43. Kf2 Bb3 44. g3 a4 45. Nb5 Kg6 46. Na3 Bd1
47. Nc4 Kg7 48. Ke3 Kf8 49. Kd2 Bb3 50. Nd6 a3 51. Kc3 a2 52. Kb2 h5 53. h4
gxh4 54. gxh4 Ke7 55. Nc8+ Kd8 56. Nd6 Kc7 57. Nxf7 Kc6 58. Nd6 Kxc5 59. Nb7+
Kd4 60. Na5 Bc4 0-1

[Event "Württ. Kandidadenturnier"]
[Site "Plochingen"]
[Date "2017.08.30"]
[Round "6.9"]
[White "Reindl, Knut"]
[Black "Müller, Thomas"]
[Result "1/2-1/2"]
[WhiteElo "1682"]
[BlackElo "1975"]
[PlyCount "46"]
[EventDate "2017.??.??"]
[WhiteTeam "SG Schwäbisch Gmünd"]
[BlackTeam "SV Schömberg"]

1. c4 g6 2. g3 Bg7 3. Bg2 c5 4. Nc3 Nc6 5. Nf3 d6 6. O-O e5 7. a3 a5 8. d3 Nge7
9. Bg5 f6 10. Be3 Rb8 11. Ne1 Nd4 12. Rb1 Nec6 13. Bxd4 exd4 14. Nd5 O-O 15. b4
axb4 16. axb4 Re8 17. b5 Ne7 18. Nc2 Nxd5 19. Bxd5+ Be6 20. Bxe6+ Rxe6 21. e3
dxe3 22. Nxe3 f5 23. Qf3 Re5 1/2-1/2

[Event "Württ. Kandidadenturnier"]
[Site "Plochingen"]
[Date "2017.08.30"]
[Round "6.10"]
[White "Fischer, Dietmar"]
[Black "Pranjic, Daniel"]
[Result "0-1"]
[WhiteElo "1974"]
[BlackElo "1791"]
[PlyCount "136"]
[EventDate "2017.??.??"]
[WhiteTeam "SC Böblingen"]
[BlackTeam "SG Ludwigsburg"]

1. e4 c5 2. Nf3 d6 3. d4 cxd4 4. Nxd4 Nf6 5. Nc3 a6 6. Be3 e5 7. Nb3 Be7 8. f3
Be6 9. Qd2 Nbd7 10. g4 b5 11. g5 Nh5 12. Nd5 O-O 13. Nxe7+ Qxe7 14. O-O-O d5
15. exd5 Bf5 16. Bd3 Bg6 17. Be4 Qd6 18. Kb1 Rac8 19. Qe1 f5 20. gxf6 Bxe4 21.
fxe4 Nhxf6 22. Bd2 Rc4 23. a3 Qc7 24. Ba5 Qc8 25. Nd2 Rxc2 26. Bc3 Rxc3 27.
bxc3 Qxc3 28. Qg3 b4 29. Rhg1 Rf7 30. axb4 Qxb4+ 31. Qb3 Qf8 32. Qb2 Nc5 33.
Qxe5 Na4 34. Rg3 Rb7+ 35. Rb3 Rxb3+ 36. Nxb3 Qb4 37. Qe6+ Kh8 38. d6 Nc3+ 39.
Kc2 Nxd1 40. Kxd1 Qb5 41. Qc8+ Ng8 42. Kc2 Qb4 43. d7 Qxe4+ 44. Kb2 Qe5+ 45.
Ka3 Qe7+ 46. Ka4 Qe4+ 47. Ka5 Qe2 48. Qb8 Qe1+ 49. Kb6 Qe6+ 50. Kc7 Qe5+ 51.
Kc8 Qe6 52. Na5 h5 53. Qc7 Nf6 54. h4 Qxd7+ 55. Qxd7 Nxd7 56. Kxd7 g5 57. hxg5
h4 58. Ke6 Kg7 59. Nb3 h3 60. Nd4 h2 61. Nf5+ Kg6 62. Ng3 Kxg5 63. Kd5 Kg4 64.
Nh1 Kf3 65. Kc6 Kg2 66. Kb6 Kxh1 67. Kxa6 Kg2 68. Kb5 h1=Q 0-1

[Event "Württ. Kandidadenturnier"]
[Site "Plochingen"]
[Date "2017.08.30"]
[Round "6.11"]
[White "Reindl, Jork"]
[Black "Franz, Michael"]
[Result "0-1"]
[WhiteElo "1509"]
[BlackElo "1961"]
[PlyCount "84"]
[EventDate "2017.??.??"]
[WhiteTeam "SG Schwäbisch Gmünd"]
[BlackTeam "SV Besigheim"]

1. e4 c5 2. Nf3 e6 3. Nc3 a6 4. a3 b5 5. d3 Bb7 6. Bf4 d6 7. g3 Qc7 8. Bg2 Nd7
9. Qd2 Ngf6 10. O-O Be7 11. Rfe1 Ne5 12. Bxe5 dxe5 13. Qg5 O-O 14. Qxe5 Qxe5
15. Nxe5 Rfd8 16. f4 Nd7 17. Nxd7 Rxd7 18. e5 Bxg2 19. Kxg2 Rad8 20. Rad1 Rc7
21. Re2 Kf8 22. Red2 Ke8 23. d4 cxd4 24. Rxd4 Rxd4 25. Rxd4 Bxa3 26. Nxb5 axb5
27. bxa3 Rxc2+ 28. Kf3 Rc3+ 29. Kg4 Rxa3 30. Rb4 Ra5 31. Kg5 Kd7 32. h4 Kc6 33.
f5 h6+ 34. Kh5 exf5 35. Rf4 Kd5 36. g4 Ra4 37. Rf2 Rxg4 38. e6 g6+ 39. Kxh6
fxe6 40. Rd2+ Kc4 41. Rd6 Rxh4+ 42. Kxg6 Re4 0-1

[Event "Württ. Kandidadenturnier"]
[Site "Plochingen"]
[Date "2017.08.30"]
[Round "6.12"]
[White "Bangert, Udo"]
[Black "Schömbs, Oliver"]
[Result "1-0"]
[WhiteElo "1906"]
[BlackElo "1853"]
[PlyCount "97"]
[EventDate "2017.??.??"]
[WhiteTeam "SC Grunbach"]
[BlackTeam "SC Ingersheim"]

1. d4 Nf6 2. c4 g6 3. Nc3 Bg7 4. Nf3 O-O 5. g3 d6 6. Bg2 a6 7. O-O Nc6 8. h3
Rb8 9. e4 Bd7 10. Re1 Na5 11. b3 c5 12. Be3 cxd4 13. Nxd4 b5 14. cxb5 axb5 15.
Rc1 b4 16. Nd5 e6 17. Nc7 Rb7 18. Qc2 Ne8 19. Nxe8 Rxe8 20. Qd2 Qb8 21. Red1
Rc8 22. Rxc8+ Bxc8 23. Bh6 Bh8 24. Nc2 Nc6 25. Qxd6 Bd7 26. Qxb8+ Nxb8 27. e5
Rb5 28. f4 Bg7 29. Bxg7 Kxg7 30. Rd4 Rc5 31. Nxb4 Nc6 32. Bxc6 Bxc6 33. Nxc6
Rxc6 34. Rd2 h6 35. h4 g5 36. hxg5 hxg5 37. Kg2 Rc3 38. Re2 Kg6 39. Rb2 Kf5 40.
fxg5 Kg4 41. Kg1 Rf3 42. b4 Kxg5 43. b5 Rd3 44. b6 Rd8 45. b7 Rb8 46. a4 Kf5
47. a5 Kxe5 48. a6 Rg8 49. b8=Q+ 1-0

[Event "Württ. Kandidadenturnier"]
[Site "Plochingen"]
[Date "2017.08.30"]
[Round "6.13"]
[White "Jakob, Georg"]
[Black "Meinhardt, Alexander"]
[Result "1-0"]
[WhiteElo "1856"]
[BlackElo "1624"]
[PlyCount "125"]
[EventDate "2017.??.??"]
[WhiteTeam "SG KK Hohentübingen"]
[BlackTeam "DJK Sportbund Stgt."]

1. e4 d6 2. d4 g6 3. Nc3 Bg7 4. f4 e6 5. Nf3 Ne7 6. Be3 c6 7. Qd2 a6 8. Bd3 b5
9. O-O f5 10. e5 d5 11. Qf2 a5 12. h3 a4 13. a3 Nd7 14. g4 Nb6 15. Kh1 Bd7 16.
Rg1 Qc7 17. Ne2 O-O-O 18. b3 fxg4 19. Rxg4 h5 20. Rgg1 Rdg8 21. Rac1 Bh6 22. c4
axb3 23. cxb5 Qa7 24. bxc6 Bxc6 25. Nc3 Nc4 26. Bxc4 dxc4 27. d5 Qxa3 28. Bc5
Qa8 29. dxc6 Nxc6 30. Ra1 Qb7 31. Ne4 Rd8 32. Nd6+ Rxd6 33. exd6 Bxf4 34. Rg2
c3 35. Bd4 b2 36. Rb1 Nxd4 37. d7+ Qxd7 38. Nxd4 e5 39. Nc2 Qxh3+ 40. Kg1 Qd3
41. Qc5+ Kd7 42. Qa7+ Ke6 43. Qg7 Rh6 44. Qg8+ Kd7 45. Qb3 e4 46. Qf7+ Kc8 47.
Qxf4 Rh8 48. Qf1 Qd6 49. Qc4+ Qc7 50. Qxc7+ Kxc7 51. Rxg6 Rd8 52. Rg3 Rd3 53.
Rg2 e3 54. Re2 Rd2 55. Rxd2 exd2 56. Kf2 Kd6 57. Ke3 Ke5 58. Kd3 Kf4 59. Kxc3
Kg3 60. Kxd2 h4 61. Ne3 h3 62. Nf1+ Kf2 63. Kc2 1-0

[Event "Württ. Kandidadenturnier"]
[Site "Plochingen"]
[Date "2017.08.30"]
[Round "6.14"]
[White "Siegle, Florian"]
[Black "Hurm, Marius"]
[Result "1-0"]
[WhiteElo "1925"]
[BlackElo "1818"]
[PlyCount "25"]
[EventDate "2017.??.??"]
[WhiteTeam "Stuttgarter SF"]
[BlackTeam "SG KK Hohentübingen"]

1. d4 Nf6 2. Bg5 e6 3. e4 Be7 4. e5 Nd5 5. Bxe7 Qxe7 6. c3 c5 7. dxc5 Qxc5 8.
Nd2 Nb6 9. Ngf3 d5 10. Bd3 Bd7 11. O-O Bb5 12. Nb3 Qc6 13. Nbd4 1-0

[Event "Württ. Kandidadenturnier"]
[Site "Plochingen"]
[Date "2017.08.30"]
[Round "6.15"]
[White "Kaplunov, Vadym"]
[Black "Boldt, Dietmar"]
[Result "1-0"]
[WhiteElo "1941"]
[BlackElo "1787"]
[PlyCount "39"]
[EventDate "2017.??.??"]
[WhiteTeam "Stuttgarter SF"]
[BlackTeam "SV Altbach"]

1. Nf3 Nf6 2. c4 g6 3. Nc3 Bg7 4. e4 d6 5. d4 O-O 6. h3 c6 7. Be3 a6 8. a4 a5
9. Bd3 Na6 10. O-O Nd7 11. Ne1 e5 12. d5 Nac5 13. Bc2 Qe7 14. Qd2 f5 15. f3 f4
16. Bf2 Rd8 17. Rd1 Bf8 18. Kh2 Nf6 19. dxc6 bxc6 20. Bxc5 1-0

[Event "Württ. Kandidadenturnier"]
[Site "Plochingen"]
[Date "2017.08.30"]
[Round "6.16"]
[White "Junginger, Andreas"]
[Black "Baumeister, Jürgen"]
[Result "1-0"]
[WhiteElo "1938"]
[BlackElo "1765"]
[PlyCount "85"]
[EventDate "2017.??.??"]
[WhiteTeam "SV Reutlingen"]
[BlackTeam "SC Asperg"]

1. e4 c5 2. Nf3 Nf6 3. Nc3 d5 4. exd5 Nxd5 5. Bc4 e6 6. O-O Be7 7. d4 cxd4 8.
Nxd4 Nxc3 9. bxc3 a6 10. Bf4 Bg5 11. Qf3 O-O 12. Rad1 Qf6 13. Bd6 Re8 14. Rfe1
Qxf3 15. Nxf3 Bf6 16. Ne5 b5 17. Bd3 Nd7 18. Be4 Nb6 19. Bxa8 Nxa8 20. Nc6 Nb6
21. Be5 Bxe5 22. Rxe5 Bb7 23. Nd4 Rd8 24. Ree1 g6 25. Nxb5 Rxd1 26. Rxd1 axb5
27. Rd8+ Kg7 28. Rb8 Bd5 29. Rxb6 Bc4 30. a4 bxa4 31. Rb4 Ba2 32. c4 a3 33. Ra4
Kf6 34. c5 Bd5 35. Rxa3 Ke7 36. Ra7+ Ke8 37. g3 Bf3 38. Kf1 h5 39. Ke1 e5 40.
Kd2 g5 41. Ra3 Bd5 42. Rd3 Be4 43. Re3 1-0

[Event "Württ. Kandidadenturnier"]
[Site "Plochingen"]
[Date "2017.08.30"]
[Round "6.17"]
[White "Klaus, Daniel"]
[Black "Wohlt, Harald"]
[Result "1-0"]
[WhiteElo "1916"]
[BlackElo "1635"]
[PlyCount "41"]
[EventDate "2017.??.??"]
[WhiteTeam "SC Feuerbach"]
[BlackTeam "Stuttgarter SF"]

1. e4 e5 2. Nf3 Nc6 3. d4 exd4 4. Nxd4 Bc5 5. Be3 Nxd4 6. Bxd4 Bxd4 7. Qxd4 Nf6
8. e5 Qe7 9. Be2 Ng8 10. Nc3 Nh6 11. Nb5 O-O 12. Nxc7 Nf5 13. Qf4 d5 14. exd6
Nxd6 15. Nxa8 Bf5 16. O-O g5 17. Qb4 Qxe2 18. Qxd6 Rxa8 19. Qf6 Bg6 20. Qxg5
Re8 21. Rad1 1-0

[Event "Württ. Kandidadenturnier"]
[Site "Plochingen"]
[Date "2017.08.31"]
[Round "6.18"]
[White "Engelhardt, Frank"]
[Black "Forster, Lukas"]
[Result "1-0"]
[WhiteElo "1815"]
[BlackElo "1880"]
[PlyCount "65"]
[EventDate "2017.??.??"]
[WhiteTeam "SC Botnang"]
[BlackTeam "Stuttgarter SF"]

1. e4 g6 2. d4 Bg7 3. Nf3 d6 4. Nc3 Nf6 5. Bd3 O-O 6. Bg5 h6 7. Be3 Nc6 8. Qd2
Kh7 9. O-O-O e5 10. d5 Ne7 11. h3 Bd7 12. g4 Nfg8 13. Rdg1 a6 14. h4 c5 15.
Ng5+ hxg5 16. hxg5+ Nh6 17. f4 Neg8 18. f5 b5 19. f6 Bh8 20. Rh4 c4 21. Bf1 b4
22. Nd1 c3 23. Qh2 Bxf6 24. Rxh6+ Nxh6 25. Qxh6+ Kg8 26. Rh1 Re8 27. gxf6 Qxf6
28. Bg5 Qg7 29. Qh4 f6 30. Bxf6 g5 31. Bxg5 Rf8 32. Bh6 Qxg4 33. Bxf8 1-0

[Event "Württ. Kandidadenturnier"]
[Site "Plochingen"]
[Date "2017.08.31"]
[Round "6.19"]
[White "Jaster, Dirk"]
[Black "Schott, Andreas"]
[Result "0-1"]
[WhiteElo "1835"]
[BlackElo "1812"]
[PlyCount "98"]
[EventDate "2017.??.??"]
[WhiteTeam "SC Feuerbach"]
[BlackTeam "SV Wendlingen"]

1. c4 e6 2. g3 d5 3. Bg2 Nf6 4. Nf3 Be7 5. b3 O-O 6. Bb2 c5 7. d4 Nc6 8. O-O
Bd7 9. e3 cxd4 10. exd4 Rc8 11. Nc3 Bb4 12. Ne2 Ne4 13. a3 Be7 14. Nc3 Nxc3 15.
Bxc3 Bf6 16. c5 Ne7 17. a4 g6 18. b4 a6 19. Re1 a5 20. b5 Rxc5 21. Bxa5 Qxa5
22. dxc5 Bxa1 23. Qxa1 Ra8 24. Qf6 Nf5 25. g4 Ng7 26. Bf1 h5 27. h3 hxg4 28.
hxg4 Be8 29. Ra1 Qb4 30. Qd4 Qb3 31. Be2 Rc8 32. Bd3 e5 33. Nxe5 Ne6 34. Qe3
Rxc5 35. Nxg6 d4 36. Qe4 fxg6 37. Qe2 Bf7 38. Qf3 Rc3 39. Qxb7 Rxd3 40. a5 Rd1+
41. Rxd1 Qxd1+ 42. Kg2 Qxg4+ 43. Kf1 Qh3+ 44. Ke1 Qc3+ 45. Kf1 d3 46. a6 d2 47.
Qb8+ Kg7 48. a7 d1=Q+ 49. Kg2 Qcf3+ 0-1

[Event "Württ. Kandidadenturnier"]
[Site "Plochingen"]
[Date "2017.08.30"]
[Round "6.21"]
[White "Tölg, Wolfgang"]
[Black "Mayer, Dietmar"]
[Result "1/2-1/2"]
[WhiteElo "1628"]
[BlackElo "1696"]
[PlyCount "55"]
[EventDate "2017.??.??"]
[WhiteTeam "SF Oeffingen"]
[BlackTeam "SC Böblingen"]

1. e4 c5 2. Nf3 a6 3. d4 cxd4 4. Nxd4 Nf6 5. Nc3 e5 6. Nde2 Bc5 7. Ng3 d6 8.
Bc4 Be6 9. Nd5 O-O 10. Bg5 Nbd7 11. O-O h6 12. Be3 Rc8 13. Bb3 Ng4 14. Bxc5
Nxc5 15. h3 Nf6 16. Nxf6+ Qxf6 17. Qxd6 Rfd8 18. Qb6 Rd2 19. Rab1 Rc6 20. Qb4
Nxb3 21. cxb3 Rcc2 22. Nh1 Rxb2 23. a4 Qg6 24. Kh2 b5 25. axb5 axb5 26. Qc3
Rbc2 27. Qe3 Rd4 28. Ng3 1/2-1/2

[Event "Württemberg Championship - Candidates"]
[Site "chess24.com"]
[Date "2017.08.31"]
[Round "6.1"]
[White "Muschkowski, Juergen"]
[Black "Klaiss, Thomas"]
[Result "1/2-1/2"]
[WhiteElo "2091"]
[BlackElo "1995"]
[PlyCount "35"]
[EventDate "2017.??.??"]
[WhiteTeam "Deutschland"]
[BlackTeam "Deutschland"]
[WhiteTeamCountry "GER"]
[BlackTeamCountry "GER"]
[WhiteClock "1:02:33"]
[BlackClock "0:42:37"]

1. g3 e5 2. Bg2 Nf6 3. c4 a6 4. Nf3 Nc6 5. Nc3 Bc5 6. O-O O-O 7. d3 h6 8. e3 d6
9. a3 Ba7 10. h3 Re8 11. d4 exd4 12. Nxd4 Nxd4 13. exd4 Rb8 14. a4 b6 15. Be3
c5 16. Kh2 Bf5 17. g4 Bg6 18. d5 1/2-1/2

[Event "Württemberg Championship - Candidates"]
[Site "chess24.com"]
[Date "2017.08.31"]
[Round "6.2"]
[White "Luedke, Joshua"]
[Black "Reimche, Vadim"]
[Result "0-1"]
[WhiteElo "2026"]
[BlackElo "2068"]
[PlyCount "102"]
[EventDate "2017.??.??"]
[WhiteTeam "Deutschland"]
[BlackTeam "Deutschland"]
[WhiteTeamCountry "GER"]
[BlackTeamCountry "GER"]
[WhiteClock "0:02:23"]
[BlackClock "0:04:21"]

1. d4 Nf6 2. c4 c5 3. d5 b5 4. cxb5 a6 5. bxa6 Bxa6 6. Nc3 g6 7. Nf3 d6 8. g3
Bg7 9. Bg2 O-O 10. O-O Nbd7 11. Rb1 Qa5 12. Qc2 Rfb8 13. b3 Ng4 14. Bd2 Ra7 15.
a4 Qc7 16. Rfe1 Rab7 17. h3 Nge5 18. Nxe5 Nxe5 19. f4 Nd7 20. Na2 Qb6 21. Kh2
Rc7 22. Bc3 Bxc3 23. Qxc3 Qa7 24. e4 Nb6 25. Qc2 Bc8 26. Nc3 Bd7 27. Ra1 Nc8
28. Bf1 Qa5 29. Reb1 h5 30. Na2 Rcb7 31. Nc3 Qb4 32. Nb5 Bxb5 33. Bxb5 Qd4 34.
Rd1 Qf6 35. Qd2 Na7 36. Bc4 Rb4 37. Re1 h4 38. g4 Rxc4 39. e5 Qxf4+ 40. Qxf4
Rxf4 41. exd6 exd6 42. Re7 Nc8 43. Re8+ Kg7 44. a5 Rfb4 45. a6 Rxb3 46. Kg2
Rb2+ 47. Kf3 R8b3+ 48. Kf4 Rf2+ 49. Kg5 f6+ 50. Kxh4 g5+ 51. Kh5 Rxh3# 0-1

[Event "Württemberg Championship - Candidates"]
[Site "chess24.com"]
[Date "2017.08.31"]
[Round "6.4"]
[White "Hermann, Tobias"]
[Black "Hallmann, Norbert"]
[Result "1-0"]
[WhiteElo "1933"]
[BlackElo "2094"]
[PlyCount "101"]
[EventDate "2017.??.??"]
[WhiteTeam "Deutschland"]
[BlackTeam "Deutschland"]
[WhiteTeamCountry "GER"]
[BlackTeamCountry "GER"]
[WhiteClock "0:18:59"]
[BlackClock "0:13:23"]

1. c4 f5 2. Nc3 Nf6 3. g3 e6 4. Bg2 Be7 5. e3 O-O 6. Nge2 c6 7. d3 d5 8. b3 e5
9. cxd5 cxd5 10. d4 e4 11. a4 Nc6 12. Ba3 Nb4 13. Bxb4 Bxb4 14. O-O Be6 15. Na2
Bd6 16. b4 h5 17. Nf4 Bf7 18. h4 Ng4 19. Bh3 g5 20. hxg5 Qxg5 21. Bxg4 hxg4 22.
Kg2 Kg7 23. Rh1 Rac8 24. Rc1 Rh8 25. Qd2 Rxh1 26. Rxh1 Bxf4 27. exf4 Qd8 28.
Rc1 Be8 29. Rxc8 Qxc8 30. Qc3 Qd7 31. b5 a6 32. b6 Qxa4 33. Qc7+ Kg6 34. Qd6+
Kg7 35. Qe5+ Kh6 36. Qh8+ Kg6 37. Nc3 Qc6 38. Qg8+ Kh6 39. Nxd5 e3 40. Kh2 exf2
41. Qh8+ Kg6 42. Ne7+ Kf7 43. Nxc6 f1=Q 44. Nd8+ Ke7 45. Qe5+ Kf8 46. Ne6+ Kf7
47. Ng5+ Kf8 48. Qh8+ Ke7 49. Qg7+ Kd6 50. Qc7+ Kd5 51. Qc5# 1-0